| Tag |
First Indicator |
Second Indicator |
Subfields |
| LEADER |
00000cam a2200000 4500 |
| 001 |
in00000060410 |
| 005 |
20151007082606.0 |
| 008 |
720512s1939 eng u |
| 010 |
|
|
|a 39027123
|
| 035 |
|
|
|a (OCoLC)00307163
|
| 035 |
|
|
|9 AAF8110AM
|
| 040 |
|
|
|c KSU
|d TXA
|d UtOrBLW
|
| 049 |
|
|
|a TXAM
|c [117646]
|
| 050 |
|
0 |
|a PN162
|b .E5
|
| 092 |
|
|
|a 070.41
|b E34e
|
| 100 |
1 |
|
|a Eidesheim, Julie.
|
| 245 |
1 |
0 |
|a Editor at work /
|c by Julie Eidesheim;
|c with an introduction by Hervey Allen.
|
| 264 |
|
1 |
|a New York,
|a Toronto :
|b Farrar & Rinehart, inc.,
|c [1939]
|
| 264 |
|
4 |
|c [©1939]
|
| 300 |
|
|
|a 236 pages ;
|c 20 cm.
|
| 336 |
|
|
|a text
|b txt
|2 rdacontent
|
| 337 |
|
|
|a unmediated
|b n
|2 rdamedia
|
| 338 |
|
|
|a volume
|b nc
|2 rdacarrier
|
| 650 |
|
0 |
|a Editing.
|
| 650 |
|
0 |
|a Occupations.
|
| 999 |
|
|
|a MARS
|
| 999 |
f |
f |
|s 46040a2a-2aa4-3b1e-9215-8fa093328076
|i aafbd149-5c4b-3605-bfa7-015490d3efb7
|t 0
|
| 952 |
f |
f |
|p ric
|a Texas A&M University
|b Rellis Campus
|c Joint Library Facility
|d Remote Storage
|t 0
|e PN162 .E5
|h Library of Congress classification
|i unmediated -- volume
|m A14800501011
|
| 998 |
f |
f |
|a PN162 .E5
|t 0
|l Remote Storage
|